| 000 -LEADER |
| fixed length control field |
00784pam a2200181 a 4500 |
| 020 ## - INTERNATIONAL STANDARD BOOK NUMBER |
| ISBN |
0094308802 (pbk.) |
| 040 ## - CATALOGING SOURCE |
| Transcribing agency |
DLC |
| 082 00 - DEWEY DECIMAL CLASSIFICATION NUMBER |
| Classification number |
581 AME 1984 A063 Or. |
| 245 10 - TITLE STATEMENT |
| Title |
Structure, function, and biosynthesis of plant cell walls : |
| Remainder of title |
proceedings of the Seventh Annual Symposium in Botany, January 12-14, 1984, University of California, Riverside / |
| 260 ## - PUBLICATION, DISTRIBUTION, ETC. (IMPRINT) |
| Place of publication |
Rockville, Md. : |
| Name of publisher |
American Society of Plant Physiologists, |
| Year of publication |
c1984. |
| 300 ## - PHYSICAL DESCRIPTION |
| Number of Pages |
xiii, 507 p. : |
| Other physical details |
ill. ; |
| Dimensions |
23 cm. |
| 500 ## - GENERAL NOTE |
| General note |
Proceedings sponsored by the Dept. of Botany and Plant Sciences, University of California, Riverside, and other organizations. |
| 650 #0 - SUBJECT ADDED ENTRY--TOPICAL TERM |
| Topical Term |
Plant cell walls |
| 700 1# - ADDED ENTRY--PERSONAL NAME |
| Personal name |
Dugger, W. M., |
| 700 2# - ADDED ENTRY--PERSONAL NAME |
| Personal name |
Bartnicki-Garcia, S. |
| 710 2# - ADDED ENTRY--CORPORATE NAME |
| Corporate name or jurisdiction name as entry element |
University of California, Riverside. |
| 942 ## - ADDED ENTRY ELEMENTS (KOHA) |
| Koha item type |
សៀវភៅភាសាអង់គ្លេស |
| 952 ## - LOCATION AND ITEM INFORMATION (KOHA) |
| Withdrawn status [LOCAL, KOHA] |
0 |